A whole new world : (Record no. 15273)

000 -LEADER
fixed length control field 01975cam a22003134a 4500
001 - CONTROL NUMBER
control field 16696407
005 - DATE AND TIME OF LATEST TRANSACTION
control field 20170105102914.0
008 - FIXED-LENGTH DATA ELEMENTS--GENERAL INFORMATION
fixed length control field 110317s2011 nyu b 001 0 eng
010 ## - LIBRARY OF CONGRESS CONTROL NUMBER
LC control number 2011012064
020 ## - INTERNATIONAL STANDARD BOOK NUMBER
International Standard Book Number 9780230280397 (alk. paper)
040 ## - CATALOGING SOURCE
Original cataloging agency DLC
Transcribing agency DLC
Modifying agency DLC
042 ## - AUTHENTICATION CODE
Authentication code pcc
043 ## - GEOGRAPHIC AREA CODE
Geographic area code d------
-- e------
050 00 - LIBRARY OF CONGRESS CALL NUMBER
Classification number JZ1238.D44
Item number L59 2011
082 00 - DEWEY DECIMAL CLASSIFICATION NUMBER
Classification number 327.1071
Edition number 22
100 1# - MAIN ENTRY--PERSONAL NAME
Personal name Lizée, Pierre.
245 12 - TITLE STATEMENT
Title A whole new world :
Remainder of title reinventing international studies for the post-Western world /
Statement of responsibility, etc. Pierre P. Lizee.
260 ## - PUBLICATION, DISTRIBUTION, ETC.
Place of publication, distribution, etc. New York :
Name of publisher, distributor, etc. Palgrave Macmillan,
Date of publication, distribution, etc. 2011.
300 ## - PHYSICAL DESCRIPTION
Extent vii, 250 p. ;
Dimensions 23 cm.
504 ## - BIBLIOGRAPHY, ETC. NOTE
Bibliography, etc. note Includes bibliographical references and index.
505 0# - FORMATTED CONTENTS NOTE
Formatted contents note Introduction: understanding the post-western world -- Part I. How do we think about global politics? universals in international studies: competing universals: realism; competing universals: liberalism; searching for the particular: after constructivism -- Part II. What do we overlook? international politics in the non-western world: violence, rationality, and the state; politics, economics, and self-identity; the construction of difference in international affairs -- Part III. What now? reinventing international studies for the post-western world: reinventing realism: power and violence in the post-western world; reinventing liberalism: values and change in the post-western world; the way forward: searching for new universals in global politics.
650 #0 - SUBJECT ADDED ENTRY--TOPICAL TERM
Topical term or geographic name entry element International relations
General subdivision Study and teaching
Geographic subdivision Developing countries.
650 #0 - SUBJECT ADDED ENTRY--TOPICAL TERM
Topical term or geographic name entry element International relations
General subdivision Study and teaching
Geographic subdivision Western countries.
650 #0 - SUBJECT ADDED ENTRY--TOPICAL TERM
Topical term or geographic name entry element International relations
General subdivision Philosophy.
650 #0 - SUBJECT ADDED ENTRY--TOPICAL TERM
Topical term or geographic name entry element World politics
Chronological subdivision 21st century.
906 ## - LOCAL DATA ELEMENT F, LDF (RLIN)
a 7
b cbc
c orignew
d 1
e ecip
f 20
g y-gencatlg
942 ## - ADDED ENTRY ELEMENTS (KOHA)
Source of classification or shelving scheme
Koha item type Book
Holdings
Withdrawn status Lost status Damaged status Not for loan Collection code Permanent Location Current Location Shelving location Date acquired Total Checkouts Full call number Barcode Date last seen Price effective from Koha item type
          Centre for International Peace & Stability (CIPS) Centre for International Peace & Stability (CIPS) General Stacks 10/02/2013   327.1071 LIZ 2011 CIPS0002258 11/25/2013 11/25/2013 Book
© 2023 Central Library, National University of Sciences and Technology. All Rights Reserved.